00440nam a22001457a 450000500170000000800410001702000150005804100120007308200130008510000120009824500440011026000860015430000290024065000250026920241101081011.0241101b |||||||| |||| 00| 0 eng d a0406096538 aEnglish a349 LAW  lEnglish aThe Law Reports: Queen's Bench Division aLondon: bThe Incorporated Council of Law Reporting for England and Wales, c1989 bxi, 896 pages; c25 cm.  aLegal practice bLaw